| 000 | 00789nam a2200241 a 4500 | ||
|---|---|---|---|
| 001 | 62650 | ||
| 003 | BD-RjUL | ||
| 005 | 20211209081116.0 | ||
| 008 | 170124s1967 nbu 000 0 eng d | ||
| 035 | _a(BD-RjUL)62776 | ||
| 040 |
_aDLC _cWa _dDLC _dBD-RjUL _beng |
||
| 041 | _aeng | ||
| 082 | 0 | 0 |
_a822.3 _223 _bHEF 1967 |
| 100 | 1 |
_aHeywood, Thomas, _dapproximately 1574-1641. _9186274 |
|
| 245 | 1 | 4 |
_aThe fair maid of the west : _bparts I and II / _cEdited by Robert K. Turner, Jr. |
| 260 |
_aLincoln : _bUniversity of Nebraska Press, _c1967 |
||
| 300 |
_axx, 213 p. ; _c22 cm. |
||
| 490 | 0 | _aRegents Renaissance drama series | |
| 650 |
_aEnglish fiction _xEarly modern _9186275 |
||
| 700 | 1 |
_aTurner, Robert Kean, _d1926- _eed. _9186276 |
|
| 942 |
_2ddc _cBK |
||
| 999 |
_c62650 _d62650 |
||